Same Actor, Different Role Quiz Stats

Quiz Updated Apr 13, 2016

Challenge
Share
Tweet
Score 0/22 Timer 06:00
3 Plays Today
% Correct
Danny DeVito (Louie De Palma and Frank Reynolds)
92.3%
Betty White (Rose Nylund and Elka Ostrovsky)
91.6%
Neil Patrick Harris (Doogie Howser and Barney Stinson)
91.4%
Matthew Perry (Chandler Bing and Oscar Madison)
84.6%
Rob Lowe (Sam Seaborn and Dean Sanderson)
83%
David Duchovny (Fox Mulder and Hank Moody)
75%
Ted Danson (Sam Malone and D.B. Russell)
69.5%
Bryan Cranston (Walter White and Hal)
63.3%
Julia Louis-Dreyfus (Elaine Benes and Selina Meyer)
59.5%
Kaley Cuoco (Bridget Hennessy and Penny)
59.4%
Debra Messing (Grace Adler and Laura Diamond)
58.7%
% Correct
Ed O'Neill (Al Bundy and Jay Pritchett)
54.2%
America Ferrera (Betty Suarez and Amy Dubanowski)
54.1%
Rashida Jones (Ann Perkins and Angie Tribeca)
47.7%
Don Knotts (Barney Fife and Ralph Furley)
45.8%
Nathan Fillion (Malcolm Reynolds and Richard Castle)
43.3%
Patricia Heaton (Debra Barone and Frankie Heck)
43.2%
Emma Roberts (Madison Montgomery and Chanel Oberlin)
40.9%
Felicity Huffman (Lynette Scavo and Barb Hanlon)
34.1%
Sarah Paulson (Cordelia Foxx and Marcia Clark)
27.2%
Tim Daly (Joe Hackett and Pete Wilder)
26.5%
Martha Plimpton (Virginia Chance and Eileen O'Neal)
24.1%

You're not logged in!

Compare scores with friends on all Sporcle quizzes.
Sign Up with Email
OR
Log In

You Might Also Like...

Show Comments

Extras

Top Quizzes Today


Score Distribution

Your Account Isn't Verified!

In order to create a playlist on Sporcle, you need to verify the email address you used during registration. Go to your Sporcle Settings to finish the process.

Report this User

Report this user for behavior that violates our Community Guidelines.

Details: